Aproximación a la configuración del tercer sector en los municipios Maracaibo y San Francisco del estado Zulia en el año 2002. An approximation to the configuration on the third sector in Maracaibo and San Francisco municipalities in Zulia State in 2002 /
সংরক্ষণ করুন:
| প্রধান লেখক: | |
|---|---|
| অন্যান্য লেখক: | , |
| বিন্যাস: | পাঠ্য |
| বিষয়গুলি: | |
| ট্যাগগুলো: |
ট্যাগ যুক্ত করুন
কোনো ট্যাগ নেই, প্রথমজন হিসাবে ট্যাগ করুন!
|
MARC
| LEADER | 00000 a a2200000 04500 | ||
|---|---|---|---|
| 001 | 7315 | ||
| 003 | |||
| 040 | |||
| 100 | |a Rodríguez López, Judith | ||
| 245 | |a Aproximación a la configuración del tercer sector en los municipios Maracaibo y San Francisco del estado Zulia en el año 2002. An approximation to the configuration on the third sector in Maracaibo and San Francisco municipalities in Zulia State in 2002 / |c Judith Rodríguez López | ||
| 500 | |a Este artículo se deriva del Proyecto de Investigación: "Organizaciones del Tercer Sector, Política Social y Gestión de Programas Sociales". Financiado por el Consejo de Desarrollo Científico y Humanístico de LUZ (CONDES) 2001-2002. Este artículo se deriva del Proyecto de Investigación: "Organizaciones del Tercer Sector, Política Social y Gestión de Programas Sociales". Financiado por el Consejo de Desarrollo Científico y Humanístico de LUZ (CONDES) 2001-2002. Resumen también en ingles | ||
| 650 | |a ORGANIZACIONES NO GUBERNAMENTALES | ||
| 650 | |a SOCIEDAD CIVIL | ||
| 650 | |a SERVICIOS SOCIALES | ||
| 650 | |a ORGANIZACIONES NO GUBERNAMENTALES | ||
| 700 | |a Rodríguez Colmenares, Isabel | ||
| 700 | |a Scarbay, Lisbeth | ||
| 773 | |g volumen 13, número 2; páginas 277-303 | ||
| 999 | |c 21634 |d 21634 | ||
